000 00510nam a22001937a 4500
003 LK-CoMWRAF
005 20231020121302.0
008 230927b |||||||| |||| 00| 0 eng d
020 _a9789555110976
040 _aLK-CoMWRAF
_dLK-CoMWRAF
_eLK-CoMWRAF
041 _aeng
082 _a297
_bSAL
100 _aSalahudheen, A. G.
245 _a100 Supplications for specific occasions
260 _aColombo :
_bM A G Salahudheen,
_c2014
300 _a104p
650 _aIslam--Specific occasions
942 _cBK
999 _c3694
_d3694